| 000 | 00457nam a22001457a 4500 | ||
|---|---|---|---|
| 020 | _a9781743760451 | ||
| 082 |
_a658.4 _bMCS |
||
| 100 | _aMcshane, Steven | ||
| 245 |
_aOrganizational Behaviour: _bemerging knowledge, global insights / _cSteven Mcshane & Mara Olekalns & Alex Newman and Tony Travaglione |
||
| 250 | _a5th Edition. | ||
| 260 |
_aSydney : _bMcGraw-Hill, _c2017. |
||
| 300 |
_a562 p. ; _c27 cm. |
||
| 563 | _aPBK. | ||
| 942 |
_2ddc _cBK |
||
| 999 |
_c594224 _d594224 |
||